000 00306nam a22001337a 4500
008 170814b xxu||||| |||| 00| 0 eng d
020 _a0471847259
041 _aeng
080 _25TH
_a51
100 _a36
101 _aMAT
245 _aFINITE MATHEMATICS WITH APPLICATIONS
_cMIZRAHI,A
942 _2udc
_cBK
999 _c23395
_d23395